000 00435nam a2200181Ia 4500
005 20240823031152.0
008 240823s9999||||xx |||||||||||||| ||und||
041 _aENGLISH
082 _A658.5 Q0
100 _aVijayaraghavan G K et al.
245 0 _aMaintenance Engineering
250 _a5th
260 _c2011
_bARS Publica
500 _aYES
650 _aMaintenance Engineering
_bMechanical
942 _cBK
999 _c190432
_d190432